[Event "FRA-chT Top 12 2019"]
[Site "Brest"]
[Date "2019.05.24"]
[Round "7.5"]
[White "Balogh, Csaba"]
[Black "Sulava, Nenad"]
[Result "1-0"]
[WhiteElo "2598"]
[BlackElo "2422"]
[Annotator "TA"]
[PlyCount "67"]
[EventDate "2019.05.18"]
[EventType "team-tourn"]
[EventCountry "FRA"]
[SourceTitle "playchess.com"]
[Source "ChessBase"]
[SourceQuality "1"]

{[%evp 21,67,25,28,18,23,10,24,21,24,5,7,18,11,0,14,0,0,0,0,0,0,-11,-19,-15,-15,-38,-45,-60,19,39,141,184,862,864,1320,1274,5473,3029,29976,29977,29977,29978,29976,29979,29984,29985,29987,29988]} 1. e4 e5 2. Nf3 Nc6 3. Bb5 a6 4. Ba4 d6 5. O-O Bd7 6. c3 g6 7. d4 Bg7 8. d5 Nce7 9. Bxd7+ Qxd7 10. c4 h6 11. Nc3 f5 12. Ne1 {C76: Ruy Lopez: Deferred Steinitz: 5 c3 Bd7 6 d4 g6} Nf6 13. f3 O-O 14. Nd3 {White has an edge.} g5 15. exf5 Qxf5 16. Nf2 {[#]} b5 $1 {[%mdl 512]} 17. Qe2 (17. cxb5 axb5) 17... c6 {[#]} 18. dxc6 $146 ({Predecessor:} 18. Nfe4 Nxe4 19. Nxe4 bxc4 20. Nxd6 {0-1 (53) Gopal,G (2579)-Caruana,F (2827) Caleta 2017}) 18... bxc4 19. Qxc4+ d5 20. Qc5 Qe6 21. c7 Rfc8 22. Rd1 Bf8 23. Ng4 Nxg4 24. fxg4 {[%cal Rc3d5]} Qxg4 (24... d4 $1 $15 25. Ne4 Ng6) 25. Be3 $36 {[%mdl 2048] Black is under pressure.} d4 {[#]} (25... Qd7 $14) 26. Qc4+ $1 $16 Kg7 $2 {[#]} (26... Kh7) 27. Rxd4 $1 $18 {[%mdl 512]} exd4 28. Bxd4+ Kg6 29. Rf1 {[%csl Gf1][%cal Rc4f7]} Nf5 30. Qe6+ {White mates.} (30. Ne2 Bg7 $11) 30... Kh7 31. Ne4 ({Not} 31. Bb6 Re8 $16) 31... Bg7 32. Bxg7 Kxg7 33. Qe5+ ({Weaker is} 33. Rxf5 Qd1+ 34. Rf1 Qd4+ 35. Kh1 Rxc7 $14) 33... Kg6 34. h3 {Accuracy: White = 80%, Black = 45%.} 1-0

[Event "FRA-chT Top 12 2019"]
[Site "Brest"]
[Date "2019.05.24"]
[Round "7.5"]
[White "Tregubov, Pavel V."]
[Black "Lefebvre, Herve"]
[Result "1-0"]
[WhiteElo "2586"]
[BlackElo "2291"]
[Annotator "TA"]
[PlyCount "85"]
[EventDate "2019.05.18"]
[EventType "team-tourn"]
[EventCountry "FRA"]
[SourceTitle "playchess.com"]
[Source "ChessBase"]
[SourceQuality "1"]

{[%evp 19,91,0,14,0,0,10,0,0,50,4,0,0,0,-7,0,-12,-19,-8,-22,-27,-37,-52,-82,-69,0,0,0,0,0,0,56,12,116,116,117,143,192,208,326,318,292,323,323,282,425,433,409,408,500,484,459,431,574,574,665,655,1399,1400,1390,352,1212,1411,1387,1214,875,655,5064,5057,2469,400,2439,2241,1333,783]} 1. c4 e5 2. g3 Nf6 3. Bg2 d5 4. cxd5 Nxd5 5. Nc3 Nb6 6. Nf3 Nc6 7. O-O Be7 8. b3 O-O 9. Bb2 Re8 10. Rc1 Bf8 11. d3 {A29: English Opening: Four Knights Variation with 4 g3} Nd4 (11... Bg4 12. h3 Bh5 13. Ne4 Nd4 14. Nxd4 exd4 15. g4 Bg6 16. Nc5 Bxc5 17. Rxc5 c6 18. Qd2 Qe7 19. Rc2 Rad8 20. Qf4 Qd6 21. Qxd6 Rxd6 {½-½ (67) Topalov,V (2749)-Vachier Lagrave,M (2796) Paris 2017}) 12. e3 Nxf3+ 13. Qxf3 {The position is equal.} a5 $146 {[%cal Ba7a5,Ba5a4,Ba4a3][%mdl 32]} ({Predecessor:} 13... Qxd3 14. Ne4 Qd8 15. g4 c6 16. g5 Nd5 17. Rfd1 Qe7 18. h4 f5 19. gxf6 Nxf6 {½-½ (29) Cvetkovic,S (2250)-Ivic,V (2415) Zrenjanin 2018}) 14. d4 exd4 15. Nb5 c6 $1 {[%cal Rc6b5]} 16. Nxd4 a4 17. Nf5 Qg5 18. e4 Bxf5 19. Qxf5 Qd2 20. Rb1 a3 $1 {[%cal Ra3b2]} 21. Rfd1 Qxd1+ (21... Qc2 $1 $15 22. Bd4 c5) 22. Rxd1 $11 axb2 23. a4 Red8 24. Rb1 $1 {[%cal Rb1b2]} Ba3 ({Black should play} 24... Rd2 $1 $11) 25. Bf1 (25. a5 $5 {[%cal Ra5b6]} Nd7 26. b4 $16) 25... g6 (25... Rd2 $11 {remains equal.}) 26. Qe5 $16 Nd7 {[#]} 27. Qc3 $1 Nf8 28. Bc4 {And now b4 would win.} Ne6 (28... Rd7 $142 29. Kg2 Re8) 29. Bxe6 $18 fxe6 30. b4 Rxa4 31. Qb3 {[%mdl 64] Double Attack} Raa8 (31... Rda8 $142 32. Qxe6+ Kh8) 32. Qxe6+ Kh8 33. Kg2 Rd2 {Now ...Rf8 and Black clings on.} 34. Qb3 {Qc3+ is the strong threat.} Rd7 35. e5 Rd4 36. e6 {aiming for Qc3.} Rxb4 37. Qf3 Rb5 38. Qf6+ Kg8 39. Qf7+ Kh8 {If only Black now had time for ...Rf8....} 40. e7 Bxe7 41. Qxe7 Kg8 42. h4 Ra1 {[#]} 43. Qe8+ {Played: Rb1xb2} 1-0

[Event "FRA-chT Top 12 2019"]
[Site "Brest"]
[Date "2019.05.24"]
[Round "7.5"]
[White "Cornette, Matthieu"]
[Black "Burri, Quentin"]
[Result "1/2-1/2"]
[WhiteElo "2553"]
[BlackElo "2425"]
[Annotator "RC"]
[PlyCount "93"]
[EventDate "2019.05.18"]
[EventType "team-tourn"]
[EventCountry "FRA"]
[SourceTitle "playchess.com"]
[Source "ChessBase"]
[SourceQuality "1"]
[TimeControl "40/5400+30:1800+30"]

1. Nf3 {[%emt 0:00:00]} d5 {[%emt 0:00:00]} 2. e3 {[%emt 0:00:18]} Nf6 {[%emt 0:00:00]} 3. c4 {[%emt 0:00:05]} c6 {[%emt 0:00:00]} 4. Nc3 {[%emt 0:00:23]} e6 {[%emt 0:00:07]} 5. b3 {[%emt 0:00:12]} Nbd7 {[%emt 0:00:32]} 6. Qc2 {[%emt 0:01:05]} Bd6 {[%emt 0:00:26]} 7. Bb2 {[%emt 0:00:10]} O-O {[%emt 0:01:00]} 8. Be2 {[%emt 0:00:16]} e5 {[%emt 0:11:14]} 9. cxd5 {[%emt 0:01:55]} cxd5 {[%emt 0:00:39]} 10. Nb5 {[%emt 0:02:04]} Bb8 {[%emt 0:01:18]} 11. Rc1 {[%emt 0:09:02]} e4 {[%emt 0:13:09]} 12. Nfd4 {[%emt 0:02:50]} Ne5 {[%emt 0:00:32]} 13. f4 {[%emt 0:11:55]} exf3 {[%emt 0:17:10]} 14. Nxf3 {[%emt 0:01:24]} Nxf3+ {[%emt 0:00:18]} 15. Bxf3 {[%emt 0:00:07]} Bd7 {[%emt 0:00:12]} 16. Nc7 {[%emt 0:03:17]} Bxc7 {[%emt 0:06:00]} 17. Qxc7 {[%emt 0:00:07]} Rc8 {[%emt 0:00:11]} 18. Qxb7 {[%emt 0:07:18]} Rxc1+ {[%emt 0:00:30]} 19. Bxc1 {[%emt 0:00:05]} Qc8 {[%emt 0:00:12]} 20. Qxc8 {[%emt 0:02:02]} Rxc8 {[%emt 0:00:04]} 21. Bb2 {[%emt 0:15:13]} Rc2 {[%emt 0:04:15]} 22. Bxf6 {[%emt 0:00:07]} Rc1+ {[%emt 0:04:05]} 23. Bd1 {[%emt 0:00:05]} Bg4 {[%emt 0:00:53]} 24. O-O {[%emt 0:00:11]} Rxd1 {[%emt 0:00:03]} 25. Rxd1 {[%emt 0:01:09]} Bxd1 {[%emt 0:00:04]} 26. Bd4 {[%emt 0:00:35]} a6 {[%emt 0:00:10]} 27. Kf2 {[%emt 0:00:05]} f6 {[%emt 0:13:54]} 28. d3 {[%emt 0:01:01]} Kf7 {[%emt 0:02:28]} 29. Ke1 {[%emt 0:00:18]} Bg4 {[%emt 0:00:04]} 30. Kd2 {[%emt 0:00:04]} Ke6 {[%emt 0:01:03]} 31. Kc3 {[%emt 0:01:30]} Kd6 {[%emt 0:01:06]} 32. Ba7 {[%emt 0:00:27]} g6 {[%emt 0:08:01]} 33. Kd4 {[%emt 0:02:05]} Be2 {[%emt 0:01:16]} 34. Bb8+ {[%emt 0:10:33]} Kc6 {[%emt 0:01:08]} 35. g3 {[%emt 0:14:00]} f5 {[%emt 0:02:07]} 36. h4 {[%emt 0:02:58]} Bf1 {[%emt 0:00:26]} 37. a4 {[%emt 0:02:39]} Be2 {[%emt 0:00:25]} 38. b4 {[%emt 0:00:06]} Bf1 {[%emt 0:00:21]} 39. Bf4 {[%emt 0:01:12]} Be2 {[%emt 0:00:07]} 40. Bh6 {[%emt 0:00:11]} Bf1 {[%emt 0:00:17]} 41. Bf8 {[%emt 0:35:09]} Be2 {[%emt 0:30:14]} 42. Be7 {[%emt 0:03:25]} Bf1 {[%emt 0:00:19]} 43. Kc3 {[%emt 0:00:18]} Be2 {[%emt 0:00:36]} 44. Kd2 {[%emt 0:00:36]} Bf3 {[%emt 0:02:01]} 45. Bf6 {[%emt 0:00:15]} Bg4 {[%emt 0:00:15]} 46. Be7 {[%emt 0:03:11]} Bf3 {[%emt 0:00:27]} 47. Kc3 1/2-1/2

[Event "FRA-chT Top 12 2019"]
[Site "Brest"]
[Date "2019.05.24"]
[Round "7.5"]
[White "Apicella, Manuel"]
[Black "Barseghyan, Harutyun"]
[Result "0-1"]
[WhiteElo "2502"]
[BlackElo "2470"]
[Annotator "RC"]
[PlyCount "104"]
[EventDate "2019.05.18"]
[EventType "team-tourn"]
[EventCountry "FRA"]
[SourceTitle "playchess.com"]
[Source "ChessBase"]
[SourceQuality "1"]
[TimeControl "40/5400+30:1800+30"]

1. e4 {[%emt 0:00:00]} e5 {[%emt 0:00:00]} 2. Nf3 {[%emt 0:00:00]} Nc6 {[%emt 0:00:00]} 3. Bb5 {[%emt 0:00:00]} a6 {[%emt 0:00:00]} 4. Ba4 {[%emt 0:00:00]} Nf6 {[%emt 0:00:02]} 5. O-O {[%emt 0:00:05]} Be7 {[%emt 0:00:04]} 6. Re1 {[%emt 0:00:08]} b5 {[%emt 0:00:05]} 7. Bb3 {[%emt 0:00:04]} d6 {[%emt 0:00:05]} 8. c3 {[%emt 0:00:16]} O-O {[%emt 0:00:08]} 9. d4 {[%emt 0:00:25]} Bg4 {[%emt 0:00:12]} 10. d5 {[%emt 0:00:19]} Na5 {[%emt 0:00:32]} 11. Bc2 {[%emt 0:00:07]} Qc8 {[%emt 0:00:09]} 12. h3 {[%emt 0:01:47]} Bd7 {[%emt 0:00:36]} 13. Nbd2 {[%emt 0:01:20]} c6 {[%emt 0:00:20]} 14. dxc6 {[%emt 0:06:09]} Qxc6 {[%emt 0:01:32]} 15. Nf1 {[%emt 0:00:18]} Rac8 {[%emt 0:00:46]} 16. a3 {[%emt 0:02:30]} Rfe8 {[%emt 0:04:34]} 17. Ng3 {[%emt 0:01:11]} Nc4 {[%emt 0:01:19]} 18. Rb1 {[%emt 0:02:57]} h6 {[%emt 0:10:10]} 19. Nh4 {[%emt 0:04:42]} d5 {[%emt 0:01:01]} 20. Nhf5 {[%emt 0:00:35]} Bxf5 {[%emt 0:00:43]} 21. Nxf5 {[%emt 0:00:22]} dxe4 {[%emt 0:02:04]} 22. Qe2 {[%emt 0:04:57]} Bc5 {[%emt 0:07:53]} 23. Be3 {[%emt 0:21:02]} Rcd8 {[%emt 0:04:22]} 24. Red1 {[%emt 0:05:14]} Rxd1+ {[%emt 0:01:02]} 25. Qxd1 {[%emt 0:02:16]} Qb6 {[%emt 0:20:21]} 26. Bxc5 {[%emt 0:06:26]} Qxc5 {[%emt 0:00:09]} 27. Qe2 {[%emt 0:00:21]} Rd8 {[%emt 0:00:34]} 28. Rd1 {[%emt 0:00:57]} Rxd1+ {[%emt 0:00:11]} 29. Bxd1 {[%emt 0:02:05]} g6 {[%emt 0:17:16]} 30. Nxh6+ {[%emt 0:07:13]} Kg7 {[%emt 0:00:09]} 31. Ng4 {[%emt 0:00:06]} Nxg4 {[%emt 0:00:34]} 32. hxg4 {[%emt 0:00:11]} e3 {[%emt 0:00:11]} 33. fxe3 {[%emt 0:05:50]} Nxe3 {[%emt 0:00:12]} 34. Kh1 {[%emt 0:02:56]} e4 {[%emt 0:01:49]} 35. g3 {[%emt 0:04:35]} Nxd1 {[%emt 0:03:24]} 36. Qxd1 {[%emt 0:00:15]} Qf2 {[%emt 0:00:34]} 37. Qg1 {[%emt 0:03:29]} Qd2 {[%emt 0:02:14]} 38. Qc5 {[%emt 0:02:47]} Qd1+ {[%emt 0:06:11]} 39. Kh2 {[%emt 0:01:32]} Qxg4 {[%emt 0:00:11]} 40. Qd4+ {[%emt 0:05:44]} Kh7 {[%emt 0:00:22]} 41. Qe3 {[%emt 0:30:12]} Qe6 {[%emt 0:31:14]} 42. Kg2 {[%emt 0:01:04]} Qa2 {[%emt 0:01:15]} 43. Qxe4 {[%emt 0:01:15]} Qxb2+ {[%emt 0:00:03]} 44. Kh3 {[%emt 0:00:06]} Qxc3 {[%emt 0:00:32]} 45. Qb7 {[%emt 0:00:50]} Qf6 {[%emt 0:00:04]} 46. g4 {[%emt 0:02:12]} Kg7 {[%emt 0:09:02]} 47. Qc7 {[%emt 0:03:26]} Qf3+ {[%emt 0:00:47]} 48. Kh4 {[%emt 0:00:03]} Qxa3 {[%emt 0:00:37]} 49. Qe5+ {[%emt 0:00:05]} Kg8 {[%emt 0:00:06]} 50. Kg5 {[%emt 0:00:38]} Qc1+ {[%emt 0:01:04]} 51. Kf6 {[%emt 0:00:05]} Qc6+ {[%emt 0:00:06]} 52. Ke7 {[%emt 0:00:20]} Qe6+ {[%emt 0:00:11]} 0-1

[Event "FRA-chT Top 12 2019"]
[Site "Brest"]
[Date "2019.05.24"]
[Round "7.5"]
[White "Chabanon, Jean-Luc"]
[Black "Brunner, Nicolas"]
[Result "1-0"]
[WhiteElo "2437"]
[BlackElo "2422"]
[Annotator "TA"]
[PlyCount "43"]
[EventDate "2019.05.18"]
[EventType "team-tourn"]
[EventCountry "FRA"]
[SourceTitle "playchess.com"]
[Source "ChessBase"]
[SourceQuality "1"]

{[%evp 21,43,-21,11,0,0,-17,-18,-23,-22,-61,-37,-39,0,-34,0,0,96,42,43,49,45,38,376,376]} 1. d4 d5 2. c4 e6 3. Nf3 Nf6 4. Nc3 c6 5. e3 Nbd7 6. Bd3 dxc4 7. Bxc4 b5 8. Bd3 Bb7 9. O-O a6 10. e4 c5 11. e5 Nd5 12. Bg5 {D48: Semi-Slav: Meran System: 7...b5 8 Bd3 a6} (12. Ne4 cxd4 13. a4 Nb4 14. Bg5 Qb8 15. Re1 Nc5 16. Nxc5 Bxc5 17. axb5 O-O 18. bxa6 Bxa6 19. Bxa6 Rxa6 20. Rxa6 Nxa6 21. Qd3 Nb4 22. Qc4 Rc8 23. Rc1 Nd5 24. Qa6 Nb4 25. Qc4 Nd5 26. Qa6 Nb4 {½-½ (25) Kempinski,R (2619)-Golod,V (2578) Germany 2006}) 12... Qb6 13. Nxd5 Bxd5 14. dxc5 {The position is equal.} Bxc5 15. a3 Qb7 $146 (15... h6 $5 {[%cal Rh6g5]} 16. Bd2 O-O $15) ({Predecessor:} 15... h6 16. Bh4 g5 17. Bg3 Qb7 18. Qe2 h5 19. Nxg5 h4 {0-1 (44) Kovacs,I (2144)-Nagy,D (2229) Hungary 2015}) 16. b4 Bb6 17. a4 (17. Qe2 {is more complex.} h6 18. Bf4 O-O 19. a4 bxa4 20. Rxa4 a5 21. Bxh6 axb4 22. Rxb4 Bxf3 23. Rg4) 17... bxa4 18. Rxa4 a5 (18... h6 $11 {keeps the balance.} 19. Bd2 O-O) 19. bxa5 ({White should play} 19. Bd2 $16) 19... Rxa5 $14 20. Rxa5 Bxa5 21. Qa4 Qb4 $2 {[%mdl 8192] [#]} ({Better is} 21... Bb6 $14) 22. Rc1 $1 {[%mdl 512] Accuracy: White = 20%, Black = 22%.} 1-0

[Event "FRA-chT Top 12 2019"]
[Site "Brest"]
[Date "2019.05.24"]
[Round "7.5"]
[White "Lamard, Guillaume"]
[Black "Rodshtein, Maxim"]
[Result "1/2-1/2"]
[WhiteElo "2405"]
[BlackElo "2699"]
[Annotator "TA"]
[PlyCount "68"]
[EventDate "2019.05.18"]
[EventType "team-tourn"]
[EventCountry "FRA"]
[SourceTitle "playchess.com"]
[Source "ChessBase"]
[SourceQuality "1"]

{[%evp 9,68,11,29,19,23,6,25,11,52,54,53,47,56,56,54,43,51,45,52,40,37,24,50,50,52,43,62,42,55,50,66,60,85,70,72,71,74,71,86,77,82,35,32,32,104,62,55,66,54,20,27,26,47,30,72,0,14,0,64,22,29]} 1. e4 c5 2. Nf3 d6 3. Bb5+ Nd7 4. O-O a6 5. Bd3 Ngf6 6. Re1 {B51: Sicilian: Moscow Variation (3 Bb5+) without 3...Bd7} e6 7. a4 {[%cal Ba2a4,Ba4a5][%mdl 32]} Qc7 $146 ({Predecessor:} 7... b6 8. b3 Bb7 9. Bb2 Be7 10. Na3 O-O 11. e5 Ne8 12. Nc4 d5 {½-½ (31) Amin,B (2709)-Saric,I (2692) Zagreb 2018}) 8. Na3 {White has an edge.} d5 9. exd5 Nxd5 10. Nc4 Be7 11. a5 O-O 12. Bf1 Rd8 13. g3 Nf8 14. Bg2 Bd7 15. d3 Be8 16. Qe2 Rab8 17. Ng5 {Threatens to win with Bxd5.} h6 18. Ne4 Ng6 19. h4 Bf8 20. Nc3 Nge7 21. Nxd5 Nxd5 22. Bxd5 exd5 23. Bf4 Qc6 24. Bxb8 {[#] Black must now prevent Ne5.} dxc4 25. Be5 cxd3 26. cxd3 Qb5 (26... Qc8 $14) 27. d4 (27. Bc7 {feels hotter.} Rc8 28. Rac1 Bc6 29. Bb6 Qb4 30. f3) 27... Qxe2 28. Rxe2 Bb5 $1 {[%cal Rb5e2]} 29. Rd2 {With the idea d5.} Rd5 30. Rad1 Ba4 31. Rc1 Bc6 {[#]} 32. Rcd1 ({White should try} 32. Bc7 $1 $16) 32... Ba4 $1 $11 33. Ra1 Bb3 (33... Bb5 $11) 34. Ra3 c4 {Accuracy: White = 50%, Black = 54%.} 1/2-1/2

[Event "FRA-chT Top 12 2019"]
[Site "Brest"]
[Date "2019.05.24"]
[Round "7.6"]
[White "Maze, Sebastien"]
[Black "Giroyan, Gary"]
[Result "1-0"]
[WhiteElo "2579"]
[BlackElo "2409"]
[Annotator "TA"]
[PlyCount "59"]
[EventDate "2019.05.18"]
[EventType "team-tourn"]
[EventCountry "FRA"]
[SourceTitle "playchess.com"]
[Source "ChessBase"]
[SourceQuality "1"]

{[%evp 9,59,27,24,29,33,18,32,34,31,21,37,37,38,39,19,19,67,39,72,33,21,20,55,47,50,42,113,94,113,114,102,106,161,170,216,151,161,146,193,152,256,261,344,337,451,404,617,606,567,575,580,530]} 1. Nf3 c5 2. c4 Nc6 3. d4 cxd4 4. Nxd4 e5 5. Nb5 d6 (5... a6 6. Nd6+ Bxd6 7. Qxd6 Qf6 8. Qd2 Nge7 9. Nc3 O-O 10. g3 b5 11. c5 Nd4 12. Bg2 Rb8 {0-1 (28) Lagno,K (2556)-Grandelius,N (2647) Caleta 2018}) 6. g3 {A30: Symmetrical English: Double Fianchetto and Hedgehog} Be6 7. N1a3 a6 8. Nc3 {White is slightly better.} f5 9. Bg2 Nf6 10. O-O Be7 11. Nd5 O-O 12. Nb1 $146 ({Predecessor:} 12. Be3 Bxd5 13. cxd5 {1-0 (50) Lada,I (1944)-Planeta,W (1812) Krakow 2019}) 12... e4 13. Nbc3 b5 14. Bf4 b4 15. Na4 Ne5 16. Nxe7+ Qxe7 17. b3 Nfd7 (17... Nh5 $14) 18. Qd2 a5 19. Rad1 Ra6 20. f3 exf3 (20... Nf7 $16 {was called for.}) 21. exf3 $18 h6 22. Be3 {And now f4 would win.} Nf6 23. Rfe1 Qf7 24. Bd4 f4 (24... Ned7 $16 25. Re2 Rc8) 25. Qxf4 ({Not} 25. gxf4 Ng6 $14) 25... g5 26. Qe3 Nfd7 27. Rf1 Qh5 (27... Qg6 $142 28. f4 gxf4 29. Rxf4 Rxf4) 28. f4 {White is clearly winning.} gxf4 29. gxf4 Bg4 30. Rde1 {Accuracy: White = 77%, Black = 24%.} 1-0

[Event "FRA-chT Top 12 2019"]
[Site "Brest"]
[Date "2019.05.24"]
[Round "7.6"]
[White "Rambaldi, Francesco"]
[Black "Milliet, Sophie"]
[Result "1/2-1/2"]
[WhiteElo "2558"]
[BlackElo "2400"]
[Annotator "TA"]
[PlyCount "43"]
[EventDate "2019.05.18"]
[EventType "team-tourn"]
[EventCountry "FRA"]
[SourceTitle "playchess.com"]
[Source "ChessBase"]
[SourceQuality "1"]

{[%evp 16,43,18,0,22,24,24,25,19,18,34,45,50,46,52,3,4,-84,-84,-85,-100,-99,-87,-86,-83,-85,-67,-64,-64,-59]} 1. Nf3 c5 2. c4 Nc6 3. d4 cxd4 4. Nxd4 Nf6 5. Nc3 e6 6. e4 Bb4 7. Nxc6 bxc6 8. Bd3 e5 9. O-O Bc5 {B44: Sicilian: Taimanov: 5 Nb5} 10. Re1 $146 ({Predecessor:} 10. Qe2 d6 11. Be3 Bg4 12. Qe1 Nd7 13. Na4 Bxe3 14. Qxe3 O-O 15. h3 Be6 16. b3 Nc5 17. Nc3 {½-½ (40) Karjakin,S (2779)-Grischuk,A (2752) Sochi 2016}) 10... O-O 11. Na4 Bd4 {White has an edge.} 12. Be3 Bxe3 13. Rxe3 d5 14. exd5 cxd5 {[%cal Bc6d5,Bd5c4][%mdl 32]} 15. Rxe5 Ng4 16. Rh5 ({Reject} 16. Rxd5 Qh4 $15) (16. Re2 $11) 16... g6 $17 17. Rh3 Nxf2 $1 18. Kxf2 {[#] Strongly threatening Rg3.} Bxh3 19. gxh3 dxc4 20. Bf1 Qc7 {[%mdl 1024] Black has strong compensation.} 21. Kg1 $1 Rad8 22. Qc2 {Accuracy: White = 59%, Black = 72%.} 1/2-1/2

[Event "FRA-chT Top 12 2019"]
[Site "Brest"]
[Date "2019.05.24"]
[Round "7.6"]
[White "Riff, Jean-Noel"]
[Black "Degraeve, Jean-Marc"]
[Result "1/2-1/2"]
[WhiteElo "2494"]
[BlackElo "2546"]
[Annotator "TA"]
[PlyCount "29"]
[EventDate "2019.05.18"]
[EventType "team-tourn"]
[EventCountry "FRA"]
[SourceTitle "playchess.com"]
[Source "ChessBase"]
[SourceQuality "1"]

{[%evp 19,29,7,13,0,0,0,-2,-8,0,-31,17,10]} 1. e4 e5 2. Nf3 Nc6 3. Bb5 Bc5 4. O-O Nd4 5. Nxd4 Bxd4 6. c3 Bb6 7. d4 c6 8. Ba4 d6 9. dxe5 dxe5 10. Qxd8+ Bxd8 11. Be3 {C64: Ruy Lopez: Classical Defence (3...Bc5) except 4 0-0 Nf6} Nf6 12. f3 Bb6 13. Kf2 {[#]} Ke7 $146 ({Predecessor:} 13... Be6 14. Rd1 Ke7 15. Na3 Rhd8 16. Bb3 Bxe3+ 17. Kxe3 b5 18. Nc2 Rxd1 19. Rxd1 {½-½ (47) Tomczak,R (2374)-Pruijssers,R (2511) Germany 2014}) 14. Na3 Be6 15. Bb3 1/2-1/2

[Event "FRA-chT Top 12 2019"]
[Site "Brest"]
[Date "2019.05.24"]
[Round "7.6"]
[White "Nezar, Mustapha"]
[Black "Colin, Vincent"]
[Result "1/2-1/2"]
[WhiteElo "2339"]
[BlackElo "2383"]
[Annotator "TA"]
[PlyCount "82"]
[EventDate "2019.05.18"]
[EventType "team-tourn"]
[EventCountry "FRA"]
[SourceTitle "playchess.com"]
[Source "ChessBase"]
[SourceQuality "1"]

{[%evp 18,82,36,34,92,89,79,58,178,179,241,199,196,146,151,150,161,160,162,176,166,170,203,200,172,157,156,102,112,106,100,103,245,212,251,166,187,146,143,145,154,154,154,151,174,174,171,164,174,164,425,186,179,0,0,0,0,0,0,0,0,0,453,54,45,0,449]} 1. d4 Nf6 2. c4 g6 3. Nc3 Bg7 4. g3 O-O 5. Bg2 d6 6. Nf3 Nbd7 7. O-O e5 8. e4 c6 9. b3 exd4 10. Nxd4 Ng4 {E72: King's Indian: 4 e4 d6 5 g3} (10... Nc5 $14) (10... Nc5 11. f3 Re8 12. Be3 d5 13. Nxc6 bxc6 14. Bxc5 dxc4 15. Qxd8 Rxd8 16. Rad1 Rxd1 17. Rxd1 Nd7 18. Bd4 cxb3 {½-½ (18) Jakovenko,D (2718)-Sutovsky,E (2650) Poikovsky 2017}) 11. h3 $16 Qa5 12. Bb2 Nge5 $146 (12... Ngf6 $14) ({Predecessor:} 12... Ngf6 13. Qc2 Nc5 14. Rad1 Ne8 15. Rfe1 Qb6 16. Kh2 a5 17. Ba3 a4 18. bxa4 Nxa4 19. Nxa4 {½-½ (29) Cacho Reigadas,S (2370)-Roiz Baztan,D Ponferrada 1992}) 13. f4 $18 c5 (13... Nxc4 {was necessary.} 14. bxc4 Nb6) 14. Nde2 ({Inferior is} 14. fxe5 cxd4 15. Qxd4 Nxe5 $11) 14... Nc6 15. Kh1 Re8 16. Qxd6 Nd4 {...Nxe2 is the strong threat.} 17. e5 Bf8 18. Qd5 Nb6 19. Qe4 Bf5 20. Qe3 ({And not} 20. Qxb7 Nxe2 21. Nxe2 Qd2 $15) 20... Nc2 21. Qc1 Nxa1 22. Qxa1 ({White should try} 22. Bxa1 h5 23. Bxb7) 22... Rad8 $16 23. g4 Bd3 24. Rf2 Bxe2 (24... Be7 $16 {was worth a try.}) 25. Rxe2 $18 Rd3 26. Kh2 Red8 27. Bxb7 Qb4 {Strongly threatening ...Nxc4.} 28. Bg2 Rd2 29. Rxd2 $1 Rxd2 30. Ne4 {And now Bc3 would win.} Re2 31. Bc3 Qa3 32. Nf6+ Kh8 33. e6 $1 Rxe6 $2 (33... Qxa2 34. Qxa2 Rxa2) 34. Ne4+ (34. Qd1 $142 {Threatening mate with Qd8!} Rd6 35. Ne8+ {[%mdl 64] Discovered Attack} Rd4 36. Bxd4+ cxd4 37. Qxd4+ Kg8 38. Nf6+ Kh8 39. Ne8+ Kg8 40. b4 $1 {[%mdl 512]} Qxa2 41. c5) 34... Kg8 {intending ...Nd7.} 35. g5 $2 (35. f5 $1 $18 {[%cal Rf5e6]} Rxe4 36. Bxe4) 35... Nd7 $11 36. Kg3 Qa6 37. Qd1 Qc8 38. Bf3 Qe8 39. Qd5 Nb6 $2 {[%mdl 8192] [#]} (39... Bg7 $11 {and Black has nothing to worry.}) 40. Qd3 $2 ({White has to play} 40. Qe5 $1 $18 {[%csl Gc3][%cal Re5h8][%mdl 512]} f6 (40... Rxe5 41. Nf6+) 41. Nxf6+ Kf7 42. Nxe8 Rxe5 43. fxe5 Kxe8 44. Bc6+ Kd8 45. Kf4) 40... Nd7 $14 41. Qd5 $2 {[%mdl 8192]} (41. a3 $14) 41... Nb6 {[%mdl 32768] Accuracy: White = 47%, Black = 53%. . An unexpected result.} 1/2-1/2